[Event "COL-ch U1700"]
[Site "Pereira"]
[Date "2019.03.23"]
[Round "5"]
[White "Morales Ocampo, Yeni"]
[Black "Vizcaino Castillo, Andrea Carolina"]
[Result "0-1"]
[WhiteElo "1600"]
[BlackElo "1445"]
[PlyCount "33"]
[EventDate "2019.03.21"]
[EventType "swiss"]
[EventRounds "9"]
[EventCountry "COL"]
[SourceTitle "CBM 189 Extra"]
[Source "ChessBase"]
[SourceDate "2019.06.03"]
[SourceVersion "1"]
[SourceVersionDate "2019.06.03"]
[SourceQuality "1"]

1. e4 e5 2. Nf3 Nc6 3. Bc4 Bc5 4. c3 Nf6 5. d3 h6 6. Bb3 d6 7. h3 0-0 8. 0-0 Bb6 9. Re1 Be6 10. Nbd2 Bxb3 11. Qxb3 Nh5 12. Nc4 Kh7 13. Qd1 g6 14. Qd2 g5 15. Ne3 Nf6 16. Kh2 Ne7 17. g3 0-1